书目信息 |
| 题名: |
生命伦理学与生命法学
|
|
| 作者: | 万慧进 著 | |
| 分册: | ||
| 出版信息: | 杭州 浙江大学出版社 2004.12 |
|
| 页数: | 428页 | |
| 开本: | 21cm | |
| 丛书名: | ||
| 单 册: | ||
| 中图分类: | Q1-0 | |
| 科图分类: | ||
| 主题词: | 生命科学--医学伦理学 , 生命科学--法学 | |
| 电子资源: | ||
| ISBN: | 7-308-04017-8 | |
| 000 | 00905nam0 2200253 450 | |
| 001 | 0140666563 | |
| 005 | 20051017105308.29 | |
| 010 | @a7-308-04017-8@dCNY25.00 | |
| 100 | @a20050910d2004 km y0chiy0120 ea | |
| 101 | 0 | @achi |
| 102 | @aCN@b330000 | |
| 105 | @ay a 000yy | |
| 200 | 1 | @a生命伦理学与生命法学@Asheng ming lun li xue yu sheng ming fa xue@f万慧进著@Fwan hui jin zhu |
| 210 | @a杭州@c浙江大学出版社@d2004.12 | |
| 215 | @a428页@d21cm | |
| 306 | @a浙江省社科联省级社会科学学术著作出版资金资助出版。 | |
| 320 | @a有书目 (第425-428页)。 | |
| 330 | @a本书研究的是生命伦理学和生命法学,内容包括SARS与公共卫生的公平性、基因组研究与生命向度、干细胞研究与人道风险、安乐死与人权保障、病人权利与权利享有等。 | |
| 606 | 0 | @a生命科学@x医学伦理学 |
| 606 | 0 | @a生命科学@x法学 |
| 690 | @aQ1-0@v4 | |
| 701 | 0 | @a万慧进@Awan hui jin@4著 |
| 801 | 0 | @aCN@bQSSK@c20051017 |
| 905 | @a10447@dQ1-0@eW034 | |
| 生命伦理学与生命法学/万慧进著.-杭州:浙江大学出版社,2004.12 |
| 428页;21cm |
| ISBN 7-308-04017-8:CNY25.00 |
| 本书研究的是生命伦理学和生命法学,内容包括SARS与公共卫生的公平性、基因组研究与生命向度、干细胞研究与人道风险、安乐死与人权保障、病人权利与权利享有等。 |
| ● |
| 相关链接 |
|
|
|
正题名:生命伦理学与生命法学
索取号:Q1-0/W034
 
预约/预借
| 序号 | 登录号 | 条形码 | 馆藏地/架位号 | 状态 | 备注 |
| 1 | 568232 | 205682322 | 自科库401/401自科库 24排4列2层/ [索取号:Q1-0/W034] | 在馆 | |
| 2 | 568233 | 205682331 | 自科库401/401自科库 24排4列2层/ [索取号:Q1-0/W034] | 在馆 | |
| 3 | 568234 | 205682340 | 自科库401/401自科库 24排4列2层/ [索取号:Q1-0/W034] | 在馆 |